<?xml version="1.0" encoding="UTF-8"?>
<record
    xmlns:xsi="http://www.w3.org/2001/XMLSchema-instance"
    xsi:schemaLocation="http://www.loc.gov/MARC21/slim http://www.loc.gov/standards/marcxml/schema/MARC21slim.xsd"
    xmlns="http://www.loc.gov/MARC21/slim">

  <leader>00556nam a22001217a 4500</leader>
  <datafield tag="040" ind1=" " ind2=" ">
    <subfield code="c">RUA</subfield>
  </datafield>
  <datafield tag="100" ind1=" " ind2=" ">
    <subfield code="a">NOP PHYROT,&#x178E;&#x17BB;&#x1794; &#x1797;&#x17B8;&#x179A;&#x17C9;&#x17BC;&#x178F;</subfield>
  </datafield>
  <datafield tag="245" ind1=" " ind2=" ">
    <subfield code="a">CASE OF SALMONELLA SPP.IN CHICKEN MEAT FROM TOUK MEAS MARKET AT KAMPOT PROVINCE,&#x1780;&#x179A;&#x178E;&#x17B8;SALMONELLA SPP.&#x1780;&#x17D2;&#x1793;&#x17BB;&#x1784;&#x179F;&#x17B6;&#x1785;&#x17CB;&#x1798;&#x17B6;&#x1793;&#x17CB;&#x1793;&#x17C5;&#x1795;&#x17D2;&#x179F;&#x17B6;&#x179A;&#x1791;&#x17BC;&#x1780;&#x1798;&#x17B6;&#x179F;&#x1781;&#x17C1;&#x178F;&#x17D2;&#x178F;&#x1780;&#x17C6;&#x1796;&#x178F;</subfield>
  </datafield>
  <datafield tag="260" ind1=" " ind2=" ">
    <subfield code="a">phnom penh</subfield>
    <subfield code="b">rua</subfield>
    <subfield code="c">2019</subfield>
  </datafield>
  <datafield tag="300" ind1=" " ind2=" ">
    <subfield code="a">x.28p.</subfield>
    <subfield code="b">ill.</subfield>
    <subfield code="c">29cm.</subfield>
  </datafield>
  <datafield tag="856" ind1=" " ind2=" ">
    <subfield code="u">https://drive.google.com/file/d/1sR7xqxkawU2W1oS7FOP9Hw8ucImMzHnQ/view?usp=share_link</subfield>
  </datafield>
  <datafield tag="942" ind1=" " ind2=" ">
    <subfield code="c">VEM</subfield>
  </datafield>
  <datafield tag="999" ind1=" " ind2=" ">
    <subfield code="c">20379</subfield>
    <subfield code="d">20379</subfield>
  </datafield>
  <datafield tag="952" ind1=" " ind2=" ">
    <subfield code="0">0</subfield>
    <subfield code="1">0</subfield>
    <subfield code="2">ddc</subfield>
    <subfield code="4">0</subfield>
    <subfield code="6">VEM_NOP_2019_000000000000000_B1558_OR</subfield>
    <subfield code="7">0</subfield>
    <subfield code="9">90773</subfield>
    <subfield code="a">LBB</subfield>
    <subfield code="b">LBB</subfield>
    <subfield code="c">B1.558</subfield>
    <subfield code="d">2022-08-29</subfield>
    <subfield code="o">VEM NOP 2019 B1-558 Or.</subfield>
    <subfield code="p">A070432</subfield>
    <subfield code="r">2022-08-29</subfield>
    <subfield code="w">2022-08-29</subfield>
    <subfield code="y">VEM</subfield>
  </datafield>
  <datafield tag="952" ind1=" " ind2=" ">
    <subfield code="0">0</subfield>
    <subfield code="1">0</subfield>
    <subfield code="2">ddc</subfield>
    <subfield code="4">0</subfield>
    <subfield code="6">VEM_NOP_2019_000000000000000_B1558_OR</subfield>
    <subfield code="7">0</subfield>
    <subfield code="9">90774</subfield>
    <subfield code="a">LBB</subfield>
    <subfield code="b">LBB</subfield>
    <subfield code="c">B1.558</subfield>
    <subfield code="d">2022-08-29</subfield>
    <subfield code="o">VEM NOP 2019 B1-558 Or.</subfield>
    <subfield code="p">A070372</subfield>
    <subfield code="r">2022-08-29</subfield>
    <subfield code="w">2022-08-29</subfield>
    <subfield code="y">VEM</subfield>
  </datafield>
  <datafield tag="952" ind1=" " ind2=" ">
    <subfield code="0">0</subfield>
    <subfield code="1">0</subfield>
    <subfield code="2">ddc</subfield>
    <subfield code="4">0</subfield>
    <subfield code="6">VEM_NOP_2019_000000000000000_B1558_OR</subfield>
    <subfield code="7">0</subfield>
    <subfield code="9">90775</subfield>
    <subfield code="a">LBB</subfield>
    <subfield code="b">LBB</subfield>
    <subfield code="c">B1.558</subfield>
    <subfield code="d">2022-08-29</subfield>
    <subfield code="o">VEM NOP 2019 B1-558 Or.</subfield>
    <subfield code="p">A070492</subfield>
    <subfield code="r">2022-08-29</subfield>
    <subfield code="w">2022-08-29</subfield>
    <subfield code="y">VEM</subfield>
  </datafield>
  <datafield tag="952" ind1=" " ind2=" ">
    <subfield code="0">0</subfield>
    <subfield code="1">0</subfield>
    <subfield code="2">ddc</subfield>
    <subfield code="4">0</subfield>
    <subfield code="6">VEM_NOP_2019_000000000000000_B1558_OR</subfield>
    <subfield code="7">0</subfield>
    <subfield code="9">90776</subfield>
    <subfield code="a">LBB</subfield>
    <subfield code="b">LBB</subfield>
    <subfield code="c">B1.558</subfield>
    <subfield code="d">2022-08-29</subfield>
    <subfield code="o">VEM NOP 2019 B1-558 Or.</subfield>
    <subfield code="p">A070252</subfield>
    <subfield code="r">2022-08-29</subfield>
    <subfield code="w">2022-08-29</subfield>
    <subfield code="y">VEM</subfield>
  </datafield>
  <datafield tag="952" ind1=" " ind2=" ">
    <subfield code="0">0</subfield>
    <subfield code="1">0</subfield>
    <subfield code="2">ddc</subfield>
    <subfield code="4">0</subfield>
    <subfield code="6">VEM_NOP_2019_000000000000000_B1558_OR</subfield>
    <subfield code="7">0</subfield>
    <subfield code="9">90777</subfield>
    <subfield code="a">LBB</subfield>
    <subfield code="b">LBB</subfield>
    <subfield code="c">B1.558</subfield>
    <subfield code="d">2022-08-29</subfield>
    <subfield code="o">VEM NOP 2019 B1-558 Or.</subfield>
    <subfield code="p">A070488</subfield>
    <subfield code="r">2022-08-29</subfield>
    <subfield code="w">2022-08-29</subfield>
    <subfield code="y">VEM</subfield>
  </datafield>
  <datafield tag="952" ind1=" " ind2=" ">
    <subfield code="0">0</subfield>
    <subfield code="1">0</subfield>
    <subfield code="2">ddc</subfield>
    <subfield code="4">0</subfield>
    <subfield code="6">VEM_NOP_2019_000000000000000_B1558_OR</subfield>
    <subfield code="7">0</subfield>
    <subfield code="9">90778</subfield>
    <subfield code="a">LBB</subfield>
    <subfield code="b">LBB</subfield>
    <subfield code="c">B1.558</subfield>
    <subfield code="d">2022-08-29</subfield>
    <subfield code="l">1</subfield>
    <subfield code="o">VEM NOP 2019 B1-558 Or.</subfield>
    <subfield code="p">A070548</subfield>
    <subfield code="r">2024-04-04</subfield>
    <subfield code="s">2024-03-20</subfield>
    <subfield code="w">2022-08-29</subfield>
    <subfield code="y">VEM</subfield>
  </datafield>
</record>
